00527nam a22001817a 450000500170000001000130001702000110003003500130004103700160005404000120007008200130008210000160009524500800011126000420019127000420023330000320027565000380030720170124110226.0 aB-164196 c110.00 aB-164196 bCen Lib/Ret aDPLbEN a340bSED aSedha, N.S. aGoyal's L.L.B. rntrance guide :cby N.S. Sedha bobjective type questions / a DelhibGoyal books publishers c2006 b DelhiaF-24/9, Krishna Nagare110051 avarious pagings c23cm(pbk) aLaw xEntarence exminations guide